Catalog

Record Details

Catalog Search



Every farm tells a story : a tale of family farm ... Read More

Available copies

  • 1 of 1 copy available at LARL/NWRL Consortium.
  • 1 of 1 copy available at Lake Agassiz Regional Library. (Show preferred library)

Current holds

0 current holds with 1 total copy.

Show All Copies
Location Call Number / Copy Notes Barcode Shelving Location Status Due Date
Bagley Public Library 630.9775 APP (Text) 33500013149216 Main Available -

Record details

  • ISBN: 9780870208638
  • ISBN: 0870208632
  • Physical Description: xvi, 155 pages ; 22 cm
  • Edition: Second edition.
  • Publisher: Madison : Wisconsin Historical Society Press, 2018.

Content descriptions

Formatted Contents Note:
Family farm values -- One hundred sixty acres of ... Read More
Summary, etc.:
"During Jerry Apps's childhood on the farm, he ... Read More
Subject: Apps, Jerold W., 1934-
Apps, Jerold W., 1934-
Farm life > Wisconsin > Wautoma Region > Anecdotes.
Family farms > Wisconsin > Wautoma Region > Anecdotes.
BIOGRAPHY & AUTOBIOGRAPHY > Cultural Heritage.
BIOGRAPHY & AUTOBIOGRAPHY > Personal Memoirs.
LITERARY COLLECTIONS > Essays.
HISTORY > United States > State & Local > Midwest (IA, IL, IN, KS, MI, MN, MO, ND, NE, OH, SD, WI)
HISTORY > United States > 20th Century.
Family farms.
Farm life.
Genre: Anecdotes.
Autobiographies.
Autobiographies.
LDR 04516cam a2200601 i 4500
001331006
003LARL_NWRL_CONSORTIUM
00520191024150558.0
008171107t20182018wiu 000 0 eng
010 . ‡a 2017034032
040 . ‡aDLC ‡beng ‡erda ‡cDLC ‡dWIM ‡dWIH ‡dYDX ‡dBDX ‡dOSU ‡dNZAUC ‡dDLC ‡dOCLCO ‡dOCLCF ‡dOCLCQ ‡dOCLCO ‡dSSH
019 . ‡a1010703957
020 . ‡a9780870208638 ‡q(paperback)
020 . ‡a0870208632
020 . ‡z9780870208645 ‡q(ebook)
035 . ‡a(OCoLC)1011543221 ‡z(OCoLC)1010703957
037 . ‡bWisconsin Historical Society, C/O Chicago Distribution Center 11030 S Langley Ave, Chicago, IL, USA, 60628, (608)2646550 ‡nSAN 202-5280
042 . ‡apcc
043 . ‡an-us-wi
08200. ‡a630.9775/57 ‡223
084 . ‡aBIO002000 ‡aBIO026000 ‡aLCO010000 ‡aHIS036090 ‡aHIS036060 ‡2bisacsh
086 . ‡aHIS.2:E 85/2018 ‡2widocs
1001 . ‡aApps, Jerold W., ‡d1934- ‡eauthor. ‡0(LARL_NWRL_CONSORTIUM)48372
24510. ‡aEvery farm tells a story : ‡ba tale of family farm values / ‡cJerry Apps.
250 . ‡aSecond edition.
250 . ‡aWisconsin Historical Society Press edition.
264 1. ‡aMadison : ‡bWisconsin Historical Society Press, ‡c2018.
300 . ‡axvi, 155 pages ; ‡c22 cm
336 . ‡atext ‡btxt ‡2rdacontent
337 . ‡aunmediated ‡bn ‡2rdamedia
338 . ‡avolume ‡bnc ‡2rdacarrier
520 . ‡a"During Jerry Apps's childhood on the farm, he witnessed the second great revolution in farming--the arrival of electric lines to rural areas, running water in barns, and new farm machines like tractors, balers, and combines. In Every Farm Tells a Story he traces that revolution by way of costs found in his mother's account books for everything from the family's first milking machine to the used telephone pole that supported their first electric yard light. He recalls his childhood and the traditional family farm values and ethics instilled in him by Ma and Pa. "This book is more than charming nostalgia, for Apps, a former professor of agriculture at the University of Wisconsin-Madison, is interested in the sociology of farm life as it changed from his childhood to the day he graduated from high school. Milking machines replaced fist power at the milk stool, tractors replaced horses and before anyone knew it the old fashioned farm was a thing of the past. One of the most touching scenes finds Apps describing his Pa's reaction to his earning a scholarship to college and to the sale of his milk cows when he got too old to put on the milkers. It's a fine book for oldtimers like me ... and also for young farmers who, despite their $100,000 tractors face new and more sophisticated challenges."--Dave Wood, past vice president of the National Book Critics Circle and former book review editor of the Minneapolis Star Tribune"-- ‡cProvided by publisher.
5050 . ‡aFamily farm values -- One hundred sixty acres of stones and hills -- The neighborhood -- War -- Winter -- At home -- running water -- Hoeing -- Town night -- Funny papers -- Milking machine -- The war ends -- New barn -- Electricity arrives -- County agent -- School picnic -- Making hay -- Ma's projects -- Ma's illness -- Pickle patch -- Threshing -- Fire -- Silo filling -- Shredding corn -- Windstorm -- New neighbor -- A farm remembers.
60010. ‡aApps, Jerold W., ‡d1934- ‡0(LARL_NWRL_CONSORTIUM)48372
60017. ‡aApps, Jerold W., ‡d1934- ‡2fast ‡0(LARL_NWRL_CONSORTIUM)48372
650 0. ‡aFarm life ‡zWisconsin ‡zWautoma Region ‡vAnecdotes.
650 0. ‡aFamily farms ‡zWisconsin ‡zWautoma Region ‡vAnecdotes.
650 7. ‡aBIOGRAPHY & AUTOBIOGRAPHY ‡xCultural Heritage. ‡2bisacsh
650 7. ‡aBIOGRAPHY & AUTOBIOGRAPHY ‡xPersonal Memoirs. ‡2bisacsh
650 7. ‡aLITERARY COLLECTIONS ‡xEssays. ‡2bisacsh
650 7. ‡aHISTORY ‡zUnited States ‡xState & Local ‡xMidwest (IA, IL, IN, KS, MI, MN, MO, ND, NE, OH, SD, WI) ‡2bisacsh
650 7. ‡aHISTORY ‡zUnited States ‡x20th Century. ‡2bisacsh
650 7. ‡aFamily farms. ‡2fast ‡0(LARL_NWRL_CONSORTIUM)19945
650 7. ‡aFarm life. ‡2fast ‡0(LARL_NWRL_CONSORTIUM)178186
655 7. ‡aAnecdotes. ‡2fast
655 7. ‡aAutobiographies. ‡2fast
655 7. ‡aAutobiographies. ‡2lcgft
77608. ‡iOnline version: ‡aApps, Jerry, 1934- ‡tEvery farm tells a story. ‡bWisconsin Historical Society Press edition. ‡dMadison, WI : Wisconsin Historical Society Press, 2018 ‡z9780870208645 ‡w(DLC) 2017053719
905 . ‡uvanderl
901 . ‡a331006 ‡b ‡c331006 ‡tbiblio ‡soclc

Additional Resources